000 00771nam a2200265 4500
999 _c9819
_d9819
001 9819
003 BD-JhCC
005 20180401182006.0
008 740308s1973 ii ab 000 0aeng
020 _a0706902688
035 _a(BD-JhCC)9819
040 _aDLC
_cDLC
_dDLC
_dBD-JhCC
041 _aeng
050 0 0 _aG512.A37
_bA34
082 0 0 _a796.5/22/0924
_aB
_bAHL 1973
100 1 _aAhluwalia, H. P. S.
245 1 0 _aHigher than Everest :
_bmemoirs of a mountaineer /
_c[by] H. P. S. Ahluwalia. Foreword by Indira Gandhi.
260 _aDelhi,
_bVikas Pub. House,
_c1973.
300 _aviii, 186 p.
_billus., maps.
_c23 cm.
350 _aRs20.00
600 1 0 _aAhluwalia, H. P. S.
610 2 0 _aMount Everest Expedition, 1965.
942 _2ddc
_cBK